| 000 | 00726cam a2200229Ia 4500 | ||
|---|---|---|---|
| 008 | |||
| 020 | _a1870485734 (pbk.) | ||
| 049 | _aMAIN | ||
| 090 |
_aQH302 _bOUT |
||
| 245 | 0 | 0 |
_aOutstanding papers in biology / _cselected and introduced by Robert L. Baldwin... [et al.] ; foreword by Walter Gratzer. |
| 260 |
_aLondon : _bCurrent Biology, _cc1993. |
||
| 300 |
_aiv, 233 p. : _bill. ; _c28 cm. |
||
| 504 | _aIncludes bibliographical references. | ||
| 650 | 0 | _aBiology. | |
| 650 | 2 |
_aBiology _xcollected works. |
|
| 700 | 1 | _aBaldwin, Robert L. | |
| 907 |
_a.b10049800 _b11-04-13 _c17-04-03 |
||
| 003 | |||
| 005 | 20230123134019.0 | ||
| 040 | _cNUST | ||
| 942 |
_cBOOKS _kQH302 _mOUT |
||
| 999 |
_c158529 _d158529 |
||